000 00382 a2200145 4500
005 20250314132853.0
020 _a978-0-273-78998-7
082 _a338.5 PER
100 _aPERLOFF, J. M.
245 _aMicroeconomics with Calculus
250 _a3rd Ed.
260 _aLondon,
_bPearson,
_c2014.
300 _a797p.: ill,; figure, graph, table
_bIndex, references
_c25cm.
942 _2ddc
_cBKS
999 _c630
_d630